<?xml version="1.0" encoding="UTF-8"?>
<record
    xmlns:xsi="http://www.w3.org/2001/XMLSchema-instance"
    xsi:schemaLocation="http://www.loc.gov/MARC21/slim http://www.loc.gov/standards/marcxml/schema/MARC21slim.xsd"
    xmlns="http://www.loc.gov/MARC21/slim">

  <leader>01454nam a22002657a 4500</leader>
  <controlfield tag="003">OSt</controlfield>
  <controlfield tag="005">20250429122311.0</controlfield>
  <controlfield tag="008">230705s2005    ck ||||er|||| 00| fdspa d</controlfield>
  <datafield tag="020" ind1=" " ind2=" ">
    <subfield code="a">9586392449</subfield>
  </datafield>
  <datafield tag="040" ind1=" " ind2=" ">
    <subfield code="a">CO-JMCR</subfield>
    <subfield code="c">CO-JMCR</subfield>
  </datafield>
  <datafield tag="041" ind1="0" ind2=" ">
    <subfield code="a">spa</subfield>
  </datafield>
  <datafield tag="082" ind1="0" ind2="4">
    <subfield code="a">A-N</subfield>
    <subfield code="b">ALLz</subfield>
  </datafield>
  <datafield tag="100" ind1="1" ind2=" ">
    <subfield code="a">Allende, Isabel, </subfield>
    <subfield code="e">autora</subfield>
    <subfield code="9">33</subfield>
  </datafield>
  <datafield tag="245" ind1="1" ind2="3">
    <subfield code="a">El zorro : </subfield>
    <subfield code="b">comienza la leyenda / </subfield>
    <subfield code="c">Isabel Allende</subfield>
  </datafield>
  <datafield tag="250" ind1=" " ind2=" ">
    <subfield code="a">Primera edici&#xF3;n</subfield>
  </datafield>
  <datafield tag="260" ind1=" " ind2=" ">
    <subfield code="a">Bogot&#xE1; ; </subfield>
    <subfield code="a">Barcelona : </subfield>
    <subfield code="b">Plaza Jan&#xE9;s, </subfield>
    <subfield code="c">2005</subfield>
  </datafield>
  <datafield tag="300" ind1=" " ind2=" ">
    <subfield code="a">381 p&#xE1;ginas ; </subfield>
    <subfield code="c">23 cm.</subfield>
  </datafield>
  <datafield tag="500" ind1=" " ind2=" ">
    <subfield code="a">Incluye datos biogr&#xE1;ficos del autor
</subfield>
  </datafield>
  <datafield tag="505" ind1="0" ind2=" ">
    <subfield code="a">California, 1970-1810 -- Barcelona, 1810-1812 -- Barcelona, 1812-1814 -- Espa&#xF1;a, fines de 1814-comienzos de 1815 -- Alta California, 1815 -- Alta California, 1840</subfield>
  </datafield>
  <datafield tag="520" ind1="3" ind2=" ">
    <subfield code="a">"&#xC9;sta es la historia de Diego de la Vega y de c&#xF3;mo se convirti&#xF3; en el legendario Zorro. Por fin puedo revelar su identidad, que por tantos a&#xF1;os mantuvimos en secreto..."
California, a&#xF1;o 1790: empieza una aventura en una &#xE9;poca fascinante y turbulenta, con personajes entra&#xF1;ables y de esp&#xED;ritu ind&#xF3;mito, y un hombre de coraz&#xF3;n rom&#xE1;ntico y sangre liviana. Lleg&#xF3; la hora de desenmascarar al Zorro.
Isabel Allende rescata la figura del h&#xE9;roe y, con iron&#xED;a y humanidad, le da vida m&#xE1;s all&#xE1; de la leyenda.</subfield>
  </datafield>
  <datafield tag="650" ind1="1" ind2="4">
    <subfield code="a">Novela chilena</subfield>
    <subfield code="y">Siglo XX</subfield>
    <subfield code="9">42748</subfield>
  </datafield>
  <datafield tag="650" ind1="1" ind2="4">
    <subfield code="a">Literatura chilena</subfield>
    <subfield code="y">Siglo XX</subfield>
    <subfield code="9">42749</subfield>
  </datafield>
  <datafield tag="650" ind1="2" ind2="4">
    <subfield code="a">Superh&#xE9;roes en la literatura</subfield>
    <subfield code="9">42750</subfield>
  </datafield>
  <datafield tag="942" ind1=" " ind2=" ">
    <subfield code="2">ddc</subfield>
    <subfield code="c">BK</subfield>
  </datafield>
  <datafield tag="999" ind1=" " ind2=" ">
    <subfield code="c">30047</subfield>
    <subfield code="d">16431</subfield>
  </datafield>
  <datafield tag="952" ind1=" " ind2=" ">
    <subfield code="0">0</subfield>
    <subfield code="1">0</subfield>
    <subfield code="2">ddc</subfield>
    <subfield code="4">0</subfield>
    <subfield code="7">0</subfield>
    <subfield code="a">CPL</subfield>
    <subfield code="b">CPL</subfield>
    <subfield code="c">FIC</subfield>
    <subfield code="d">2023-05-30</subfield>
    <subfield code="e">Donaci&#xF3;n</subfield>
    <subfield code="l">8</subfield>
    <subfield code="o">A-N ALLz</subfield>
    <subfield code="p">201812080</subfield>
    <subfield code="r">2025-07-31 08:32:06</subfield>
    <subfield code="s">2025-07-30</subfield>
    <subfield code="t">Ej.1</subfield>
    <subfield code="w">2023-07-05</subfield>
    <subfield code="y">BK</subfield>
  </datafield>
</record>
